Croatia Debutants since 2014 - Statistics

General Stats
  • This quiz has been taken 39 times
  • The average score is 21 of 79
Answer Stats
% Correct
2017 Dinamo Zagreb GK 22 Dominik Livakovic 54
82%
2021 Dinamo Zagreb LB 19 Josko Gvardiol 30 2
82%
2021 Bayern Munich CB 21 Josip Stanisic 18
76%
2019 Dinamo Zagreb ST 24 Bruno Petkovic 38 11
74%
2014 HNK Rijeka ST 23 Andrej Kramaric 93 28
71%
2021 Stuttgart LB 23 Borna Sosa 20 1
71%
2014 Dinamo Zagreb DM 21 Marcelo Brozovic 96 7
68%
2020 Osasuna ST 29 Ante Budimir 21 3
65%
2017 Lokomotiva Zagreb AM 19 Lovro Majer 31 8
65%
2018 Wolfsburg LW 20 Josip Brekalo 35 4
62%
2022 Dinamo Zagreb CB 22 Josip Sutalo 14
62%
2014 Elche CM 19 Mario Pasalic 63 10
62%
2023 HNK Rijeka RW 23 Marco Pasalic 5 1
59%
2014 Dinamo Zagreb LW 19 Marko Pjaca 26 1
59%
2018 AEK Athens ST 25 Marko Livaja 21 4
56%
2019 Dinamo Zagreb LW 26 Mislav Orsic 27 2
56%
2017 Hajduk Split RB 21 Josip Juranovic 37
53%
2021 RB Salzburg CM 19 Luka Sucic 7
53%
2014 Hajduk Split GK 24 Lovre Kalinic 19
50%
2017 Osijek LB 24 Borna Barisic 35 1
47%
2018 RB Salzburg CB 21 Duje Caleta-Car 24 1
47%
2023 Dinamo Zagreb AM 20 Martin Baturina 3
44%
2023 Benfica ST 25 Petar Musa 6
44%
2014 Bayer Leverkusen CB 18 Tin Jedvaj 26 2
44%
2021 Eintracht Frankfurt DM 24 Kristijan Jakic 5
38%
2017 Lokomotiva Zagreb LW 18 Luka Ivanusec 21 2
38%
2021 Lille GK 25 Ivo Grbic 2
35%
2020 Wolfsburg CB 23 Marin Pongracic 8
35%
2017 Hajduk Split AM 19 Nikola Vlasic 56 8
35%
2024 PAOK GK 24 Dominik Kotarski 1
32%
2024 HNK Rijeka GK 24 Nediljko Labrovic 1
32%
2020 Lille LB 20 Domagoj Bradaric 4
29%
2016 HNK Rijeka DM 24 Filip Bradaric 6
29%
2022 Spezia CB 24 Martin Erlic 9
29%
2023 Augsburg ST 21 Dion Beljo 2
26%
2021 Osijek GK 26 Ivica Ivusic 6
24%
2014 RNK Split CM 19 Marko Rog 21
24%
2022 Dyanmo Moscow DM 24 Nikola Moro 1
24%
2014 Dinamo Zagreb ST 24 Duje Cop 14 2
21%
2016 Dinamo Zagreb AM 19 Ante Coric 3
15%
2019 Caykur Rizespor LB 26 Dario Melnjak 8
15%
2019 Celtic CB 21 Filip Benkovic 1
15%
2017 Caen ST 28 Ivan Santini 5
15%
2020 PAOK ST 27 Antonio Colak 3
12%
2020 Rubin Kazan CB 23 Filip Uremovic 6
12%
2021 HNK Gorica LW 25 Kristijan Lovric 1
12%
2014 HNK Rijeka CB 21 Matej Mitrovic 12 2
12%
2019 HNK Rijeka GK 26 Simon Sluga 3
12%
2017 HNK Rijeka GK 29 Andrej Prskalo 1
9%
2017 Lokomotiva Zagreb DM 20 Ivan Sunjic 1
9%
2017 Osijek CB 25 Mile Skoric 7
9%
2020 Bordeaux CM 23 Tomas Basic 2
9%
2018 Anderlecht CB 24 Antonio Milic 3
6%
2014 HNK Rijeka GK 27 Ivan Vargic 3
6%
2017 HNK Rijeka DM 22 Josip Misic 2
6%
2018 Nordsjælland RB 23 Karlo Bartolec 5
6%
2014 HNK Rijeka CB 23 Marko Leskovic 4
6%
2014 HNK Rijeka DM 24 Mate Males 1
6%
2017 Slaven Belupo CB 20 Nikola Katic 1
6%
2017 Lokomotiva Zagreb CB 23 Denis Kolinger 1
3%
2019 Dinamo Zagreb CB 25 Dino Peric 2
3%
2014 Dinamo Zagreb CM 24 Domagoj Antolic 6
3%
2017 Qabala AM 25 Filip Ozobic 2
3%
2017 Hajduk Split RM 21 Fran Tudor 3 1
3%
2015 Hajduk Split CB 26 Goran Milovic 1
3%
2014 HNK Rijeka RB 24 Ivan Tomecak 1
3%
2017 Inker Zapresic CB 24 Jakov Filipovic 3
3%
2017 Dinamo Zagreb RM 24 Mario Situm 2
3%
2017 Osijek CB 22 Mateo Barac 1
3%
2017 Istra 1961 RB 23 Mato Milos 1
3%
2019 Hajduk Split AM 27 Mijo Caktas 1
3%
2017 Lokomotiva Zagreb ST 21 Mirko Maric 2
3%
2017 Osijek RB 29 Nikola Matas 2
3%
2017 Koper CB 23 Toni Datkovic 1
3%
2017 Hajduk Split CB 27 Zoran Nizic 2
3%
2017 Osijek KW 24 Antonio Perosevic 2
0%
2015 HNK Rijeka DM 22 Ivan Mocinic 1
0%
2014 HNK Rijeka LB 26 Marin Leovac 5
0%
2014 HNK Rijeka DM 26 Mato Jajalo 2
0%
No matching quizzes found
Score Distribution
Percent of People with Each Score
Percentile by Number Answered
Your Score History
You have not taken this quiz